01858cam a22002777i 45000010009000000050017000090080041000260100017000670200030000840200026001140200027001400350013001670400028001800500024002080820015002322450122002472640045003693000028004143360026004423370028004683380027004965200903005237000031014267000035014578560088014922190929620260606151056.0210219s2021 cau 000 0 eng  a 2021933183 a9789353887858q(hardback) z9789353887865q(epub) z9789353887889q(ebook) a21909296 aDLCbengerdacDLCdDLC00aMLCM 2022/40128 (J) a341.48095400aAdvancement of human rights in India :bcontemporary and emerging challenges /cDebarati Halder, Shrut S. Brahmbhatt. 1aThousand Oaks :bSAGE Publishing,c2021. axix, 350 pages ;c23 cm atextbtxt2rdacontent aunmediatedbn2rdamedia avolumebnc2rdacarrier a"Human rights, despite being prone to serious obstacles, have garnered immense attention in the recent years. This book is an authoritative study of the recent trends and challenges of human rights in India, focusing on the advancement of judicial activism and gross violations of these rights by the government and private stake holders. Covering a wide range of topics, this book features critical discussions on the legal rights of women, children, forest tribes, disabled individuals, prisoners and other socially disadvantaged groups whose welfare is heavily neglected, and thus, needs urgent attention. This book also addresses contemporary debates on consular access, privacy, paternity leave and food security, among others. this book acknowledges progress in the fight for human rights and also presents possible solutions to the many difficulties that lie ahead"--cProvided by publisher.1 aHalder, Debarati,eeditor.1 aBrahmbhatt, Shrut S.,eeditor. uhttps://sk.sagepub.com/books/advancement-of-human-rights-in-indiayRead SAGE E-Book